000 01106nam a2200313 a 4500
001 000114754
003 CHAP
005 20220329144456.0
008 180406s2018 mx |sm |||||||spa d
010 _a111215
011 _a112187
040 _cCHAP
090 _aTesis
100 1 _aMartínez de Santiago, David
_9135040
245 1 0 _aManual de proceso de elaboración de alimentos balanceados
_h[En línea]
_cpor David Martínez de Santiago.
260 _aChapingo, Méx. :
_bEl autor,
_c2018.
500 _aPara ver el contenido del material haga clic en la liga
502 _aTesis (Ing. Agr. Esp. en Zootecnia) -- UACH. Departamento de Zootecnia
590 _aE6337LMJ
_b05
_c20180406
_lUCH01
_h1311
590 _aE6337LMJ
_b05
_c20180406
_lUCH01
_h1312
650 1 4 _aAlimentos balanceados
_xCalidad.
_9135041
650 1 4 _aAlimentos
_xIndustria.
_94227
650 1 4 _aIndustria
_xMedidas de seguridad.
_957749
650 1 4 _aPersonal
_xAdministración de.
_987325
856 _aFinding aid
_uhttp://10.13.5.2/tesis/sist114754.pdf
_zTeclea aquí
901 _aBK
942 _cTESIS
942 _n0
999 _c111215
_d111215